Kryptosystém ABC s neštvorcovými maticami

Enregistré dans:
Détails bibliographiques
Auteur principal: Topoľský, Michal (Auteur)
Autres auteurs: Hromada, Viliam (Directeur de thèse)
Format: Manuscrit Livre
Langue:slovaque
Publié: Bratislava : STU v Bratislave FEI, 2023
Sujets:
Accès en ligne:https://opac.crzp.sk/?fn=detailBiblioFormChildKI635&sid=C0DEB8E07572332BA3270915805F&seo=CRZP-detail-kniha
Tags: Ajouter un tag
Pas de tags, Soyez le premier à ajouter un tag!

MARC

LEADER 00000ntm a22000003a 4500
001 stuzp92981
003 SK-STU
005 20241219131930.5
007 ta
008 150427s2015----xo-----f-mn---000-0-slo-d
040 |a STU  |b slo 
041 0 |a slo 
044 |a xo 
100 1 |a Topoľský, Michal  |u 035000  |4 aut  |U FEI Fakulta elektrotechniky a informatiky  |T FEI Ústav informatiky a matematiky  |X 92160  |U E050  |Y 816  |7 92160 
242 0 1 |a ABC cryptosystem with rectangular matrices  |y eng 
245 1 0 |a Kryptosystém ABC s neštvorcovými maticami 
260 |a Bratislava :  |b STU v Bratislave FEI,  |c 2023 
300 |a 57 s. 
650 4 |a postkvantová kryptografia  |2 slo 
650 4 |a MQ šifrovacia schéma  |2 slo 
650 4 |a MQ problém  |2 slo 
650 4 |a ABC  |2 slo 
650 4 |a post-quantum cryptography  |2 eng 
650 4 |a MQ encryption scheme  |2 eng 
650 4 |a MQ problem  |2 eng 
650 4 |a ABC  |2 eng 
700 1 |a Hromada, Viliam  |u 035000  |k Z1  |4 ths  |U FEI Fakulta elektrotechniky a informatiky  |T FEI Ústav informatiky a matematiky  |X 36029  |U E050  |Y 816  |7 A000036029 
856 4 |u https://opac.crzp.sk/?fn=detailBiblioFormChildKI635&sid=C0DEB8E07572332BA3270915805F&seo=CRZP-detail-kniha